000 00585nam a2200169 4500
001 144718
003 ES-MaACL
007 t|
008 070214s1975 sp r ||||1| spa d
100 1 _aShklovskii, Viktor Borisocich.
_9106142
245 1 3 _aLa cuerda del arco
_b: sobre la disimilitud de lo similar /
_cVictor Sklovski ; [traducción del ruso por Victoriano Imbert].
260 _aBarcelona :
_bPlaneta,
_c1975 (
_fDuplex)
300 _a347 p. ;
_c21 cm.
700 1 _aImbert, Victoriano.
_965215
740 0 _aLa disimilitud de lo similar.
852 _aES-MaACL
_jE-9525
_bR.94316
999 _c144718
_d144718